000 00458nam a2200157 4500
999 _c2405
_d2405
008 200228b ||||| |||| 00| 0 eng d
082 0 0 _a515
_bD2291
100 _91990
_aDas, B. C.
245 1 0 _aIntegral calculus including differential equations /
_cby B. C. Das and B. N. Mukherjee
250 _a23th ed.
260 _aCalcutta
_bU. N. Dhar
_c1977
300 _axxvi, 448 p.
650 0 _aMathematics
700 _91994
_aMukherjee, B. N.
942 _2ddc
_cBK